Normal view
MARC view
- WYLLIE,C.DUNCAN
Entry Personal Name
001 - CONTROL NUMBER
- control field: 110060
003 - CONTROL NUMBER IDENTIFIER
- control field: NUST
005 - DATE AND TIME OF LATEST TRANSACTION
- control field: 20230309112846.0
008 - FIXED-LENGTH DATA ELEMENTS
- fixed length control field: 230309|| aca||aabn | a|a d
040 ## - CATALOGING SOURCE
- Original cataloging agency: NUST
- Transcribing agency: NUST
100 ## - HEADING--PERSONAL NAME
- Personal name: WYLLIE,C.DUNCAN
670 ## - SOURCE DATA FOUND
- Source citation: Work cat.: (NUST): WYLLIE,C.DUNCAN., ROCK SLOPE ENGINEERING /, 2017.
